Mapa de carreteres segons la seva titularitat : demarcació de Barcelona / demarcació de Barcelona /
ISBN:
9788498037364
Descripción Física:
1 mapa : color ; 66 x 61 cm, plegat a 17 x 11 cm
Idioma:
Catalán
MARC
| LEADER | 00000nem a2200000 i 4500 | ||
|---|---|---|---|
| 001 | 25810 | ||
| 005 | 20260324181120.0 | ||
| 008 | 120523s2007 spc|||||| | o| 0 ||cat| | ||
| 017 | |a DL B. 4623-2016 |b Biblioteca de Catalunya | ||
| 020 | |a 9788498037364 | ||
| 043 | |a e-sp--- |b e-spcb- |2 catmarc | ||
| 080 | |a FU-70-30 | ||
| 110 | 1 | |a Barcelona (Catalunya : Província). |b Diputació |e productor |9 52408 | |
| 245 | 1 | 0 | |a Mapa de carreteres segons la seva titularitat : |b demarcació de Barcelona / |c Diputació de Barcelona. Gerència de Serveis d'Infraestructures Viàries i Mobilitat ; [produït i imprès per l'Institut Cartogràfic i Geològic de Catalunya] |
| 246 | 3 | 3 | |a Mapa de carreteres de la demarcació de Barcelona |
| 255 | |a Escala 1:200 000 | ||
| 264 | |a Barcelona : |b Diputació de Barcelona, |c febrer 2016 | ||
| 300 | |a 1 mapa : |b color ; |c 66 x 61 cm, plegat a 17 x 11 cm | ||
| 336 | |a imatge cartogràfica |b cri |2 rdacontent | ||
| 337 | |a sense mediació |b n |2 rdamedia | ||
| 338 | |a full |b nb |2 rdacarrier | ||
| 500 | |a Tít. variant: Mapa de carreteres de la demarcació de Barcelona, desembre de 2015 | ||
| 505 | 8 | |a Al verso, inclou finestres amb els plànols de: Berga -- Granollers -- Igualada -- Moià -- Manresa -- Mataró -- Sabadell -- Sant Feliu de Llobregat -- Terrassa -- Vic -- Vilafranca del Penedès -- Vilanova i la Geltrú, a escala 1:50 000 | |
| 505 | 8 | |a Al verso: Informació sobre carreteres de la Diputació de Barcelona: longitud i localització al mapa -- Decret legislatiu 2/2009 | |
| 651 | 0 | |a Barcelona (Catalunya : Província) |9 53268 |v Mapes de carreteres | |
| 655 | 0 | |a Mapes |z Barcelona (Província) |9 53269 | |
| 710 | 2 | |9 53041 |a Institut Cartogràfic de Catalunya |e productor |e cartògraf | |
| 710 | 1 | |9 52490 |a Barcelona (Catalunya : Província). |b Gerència de Serveis d'Infraestructures Viàries i Mobilitat |e productor | |
| 740 | 0 | |a Mapa de carreteres de la demarcació de Barcelona, desembre de 2015 | |
| 940 | |a ICGC | ||
| 942 | |2 udc |c ARXIU |n 1 | ||
| 952 | |0 0 |1 0 |4 0 |6 FU7030 |7 1 |9 62261 |a Arxiu |b Arxiu |d 2022-06-07 |l 0 |o FU-70-30 |p 25810 |r 2022-06-07 00:00:00 |w 2022-06-07 |y ARXIU | ||
| 952 | |0 0 |1 0 |4 0 |6 PDL |7 1 |9 63256 |a Arxiu |b Arxiu |d 2022-07-28 |l 0 |o PDL |p 26369 |r 2022-07-28 00:00:00 |w 2022-07-28 |y ARXIU | ||
| 999 | |c 81928 |d 81928 | ||